Statistiken für 20 zufällige Flaggen der Welt in 20 Sekunden

Klicken Sie hier um das Quiz zu spielen!

Allgemein

  • Dieses Quiz wurde 3.989 mal gespielt
  • Das Durchschnittsergebnis liegt bei 5 aus 20

Antwortstatistiken

Antwort% Korrekt
Indien
49%
Österreich
49%
Südafrika
48%
Portugal
47%
Singapur
47%
China
46%
Iran
46%
Nigeria
45%
Schweden
45%
Ukraine
44%
Vatikanstadt
44%
Uganda
43%
Libanon
42%
Vereinigte Staaten
42%
Ägypten
41%
Algerien
41%
Japan
41%
Niger
41%
Belarus
40%
Irland
40%
Südkorea
40%
Frankreich
39%
Kasachstan
39%
Slowenien
39%
Albanien
38%
Nordkorea
38%
Zypern
38%
Ghana
37%
Island
37%
Italien
37%
Jemen
37%
Nordmazedonien
37%
Russland
37%
Schweiz
37%
Belgien
36%
Jamaika
36%
Kolumbien
36%
Kosovo
36%
Lesotho
36%
Lettland
36%
Norwegen
36%
Aserbaidschan
35%
Australien
35%
Chile
35%
Deutschland
35%
Israel
35%
Kuba
35%
Palau
35%
Thailand
35%
Sambia
34%
Saudi Arabien
34%
Syrien
34%
Belize
33%
Brasilien
33%
Bulgarien
33%
Demokratische Republik Kongo
33%
Finnland
33%
Marokko
33%
Mexiko
33%
Nepal
33%
Niederlande
33%
Polen
33%
Tschechien
33%
Griechenland
32%
Honduras
32%
Irak
32%
Kambodscha
32%
Malaysia
32%
Panama
32%
Slowakei
32%
Barbados
31%
Bosnien und Herzegowina
31%
Burkina Faso
31%
Dänemark
31%
Mali
31%
Pakistan
31%
Papua-Neuguinea
31%
Peru
31%
St. Lucia
31%
Tansania
31%
Argentinien
30%
Bahamas
30%
Eswatini
30%
Kenia
30%
Liberia
30%
Liechtenstein
30%
Malta
30%
Tonga
30%
Venezuela
30%
Oman
29%
Spanien
29%
Sri Lanka
29%
Ungarn
29%
Armenien
28%
Äthiopien
28%
Georgien
28%
Haiti
28%
Luxemburg
28%
Neuseeland
28%
Paraguay
28%
Simbabwe
28%
Vietnam
28%
Estland
27%
Kanada
27%
Kirgisistan
27%
Malediven
27%
Myanmar
27%
Costa Rica
26%
Dschibuti
26%
Eritrea
26%
Fidschi
26%
Katar
26%
Mongolei
26%
Suriname
26%
Tunesien
26%
Usbekistan
26%
Angola
25%
Bhutan
25%
Mosambik
25%
Togo
25%
Vereinigtes Königreich
25%
Benin
24%
Guatemala
24%
Kap Verde
24%
Mauritius
24%
Osttimor
24%
Sierra Leone
24%
Türkei
24%
Kuwait
23%
Laos
23%
Malawi
23%
Namibia
23%
Salomonen
23%
Tschad
23%
Afghanistan
22%
Bangladesch
22%
Guinea-Bissau
22%
Libyen
22%
Philippinen
22%
San Marino
22%
Sao Tome und Principe
22%
Seychellen
22%
Taiwan
22%
Antigua und Barbuda
21%
Brunei
21%
El Salvador
21%
Guyana
21%
Marshallinseln
21%
Samoa
21%
Somalia
21%
Vanuatu
21%
Dominikanische Republik
20%
Gabun
20%
Litauen
20%
Montenegro
20%
Trinidad und Tobago
20%
Tuvalu
20%
Zentral Afrikanische Republik
20%
Elfenbeinküste
19%
Kamerun
19%
Kroatien
19%
Sudan
19%
Vereinigte Arabische Emirate
19%
Andorra
18%
Bahrain
18%
Burundi
18%
Gambia
18%
Madagaskar
18%
Serbien
18%
Jordanien
17%
Moldawien
17%
Nicaragua
17%
Rumänien
17%
Senegal
17%
Turkmenistan
17%
Dominica
16%
Komoren
16%
Botswana
15%
Nauru
15%
Südsudan
15%
Bolivien
14%
Guinea
14%
Indonesien
14%
Ruanda
14%
St. Vincent und die Grenadinen
14%
Uruguay
14%
Äquatorial Guinea
13%
Grenada
13%
Monaco
13%
Kiribati
12%
Tadschikistan
12%
Ecuador
11%
Republik Kongo
11%
Mauretanien
10%
St. Kitts und Nevis
7%
Föderierte Staaten von Mikronesien
6%

Verteilung der Resultate

Perzentil nach korrekt beantworteten Fragen

Anzahl Personen mit jedem Resultat

Ihre Resultats-Entwicklung

Sie haben dieses Quiz noch nicht gespielt